| 000 | 00861nam a22002297a 4500 | ||
|---|---|---|---|
| 001 | 47479 | ||
| 003 | BD-RjUL | ||
| 005 | 20211209054326.0 | ||
| 008 | 160808s1998 bg ||||| |||| 00| 0 ben d | ||
| 020 |
_a9843101740 _c: 250.00 |
||
| 035 | _a(BD-RjUL) 47598 | ||
| 040 |
_aBD-RjUL _bben _cBD-RjUL |
||
| 041 | _aben | ||
| 082 |
_223 _a370.95492 _bSHI 1998 |
||
| 245 | 0 | 0 |
_aশিক্ষাযাত্রা ১৯৮৭-৯৭ : _bনির্বাচিত রচনা / |
| 260 |
_aঢাকা : _bজাতীয় সাহিত্য প্রকাশ, _c১৯৯৮ |
||
| 300 |
_a৪৬৪ পৃ. ; _c২১ সেমি. |
||
| 650 |
_aশিক্ষা _zবাংলাদেশ _9144372 |
||
| 650 |
_aEducation _zBangladesh _9144373 |
||
| 700 |
_aরাশেদা, এ.এন. সম্পাদক _9144374 |
||
| 942 |
_2ddc _cBK |
||
| 999 |
_c47479 _d47479 |
||